Parthayana : The Journeying of Partha /

محفوظ في:

مؤلفون آخرون: Creese, Helen (المحرر)

التنسيق: كتاب الكتروني

اللغة: English

منشور في: Leiden ; Boston : Brill, 1998.

سلاسل: Asian Studies - Book Archive pre-2000
Bibliotheca Indonesica ; 27.

الموضوعات:

الوصول للمادة أونلاين: Login to view Source

الوسوم: إضافة وسم

لا توجد وسوم, كن أول من يضع وسما على هذه التسجيلة!

رقم الطلب: PL5224.P37

LEADER 02323nam a22004698i 4500
001 BRILL9789004658523
003 nllekb
005 20250326200240.0
006 m d
007 cr un uuuua
008 250219s1998 gw sb 001 0 eng d
020 |a 9789004658523  |q (electronic book) 
020 |z 9789067181174  |q (print) 
024 7 |a 10.1163/9789004658523  |2 DOI 
035 |a (OCoLC)607391463 
040 |a NL-LeKB  |c NL-LeKB  |e rda 
041 |a eng 
050 4 |a PL5224.P37 
072 7 |a DSB  |2 bicssc 
072 7 |a LIT  |x 000000  |2 bisacsh 
082 0 4 |a 899/.22  |2 23 
245 0 0 |a Parthayana :  |b The Journeying of Partha /  |c edited by Helen Creese. 
246 3 |a The Journeying of Partha 
264 1 |a Leiden ;  |a Boston :  |b Brill,  |c 1998. 
264 4 |c ©1998 
336 |a text  |b txt  |2 rdacontent 
337 |a computer  |b c  |2 rdamedia 
338 |a online resource  |2 rdacarrier 
490 1 |a Asian Studies - Book Archive pre-2000 
490 1 |a Bibliotheca Indonesica ;  |v 27 
504 |a Includes bibliographical references and index. 
505 0 |t Front Matter -- Preliminary Material /  |r Johan Maurits van Boetzelaer -- Voorwoord /  |r Johan Maurits van Boetzelaer -- Abbreviations /  |r Johan Maurits van Boetzelaer -- Introduction /  |r Johan Maurits van Boetzelaer -- Chapter One /  |r Johan Maurits van Boetzelaer -- Chapter Two /  |r Johan Maurits van Boetzelaer -- Chapter Three /  |r Johan Maurits van Boetzelaer -- Back Matter -- Index of Terms Occurring in the Sanskrit Text /  |r Johan Maurits van Boetzelaer -- Index of Śruti-Quotations /  |r Johan Maurits van Boetzelaer -- Untraced Quotations /  |r Johan Maurits van Boetzelaer -- Index of Kārikās /  |r Johan Maurits van Boetzelaer -- Stellingen /  |r Johan Maurits van Boetzelaer -- Curriculum Vitae /  |r Johan Maurits van Boetzelaer. 
546 |a English 
588 |a Description based on print version record. 
600 0 0 |a Arjuna  |c (Hindu mythological character) 
700 1 |a Creese, Helen,  |e editor. 
776 0 8 |i Print version:  |t Parthayana : The Journeying of Partha.  |d Leiden ; Boston : Brill, 1998.  |z 9789067181174  |w (OCoLC)39673142  |w (DLC) 98214792 
830 0 |a Asian Studies - Book Archive pre-2000 
830 0 |a Bibliotheca Indonesica ;  |v 27. 
856 4 |z DOI:   |u http://dx.doi.org/10.1163/9789004658523 
942 |2 lcc  |c EBOOK 
999 |c 60590  |d 60590